UBT Library

A thousand years of Poland / (Record no. 39651)

000 -LEADER
fixed length control field 00651cam a2200241 i 4500
001 - CONTROL NUMBER
control field 4616799
005 - DATE AND TIME OF LATEST TRANSACTION
control field 20180103081239.0
008 - FIXED-LENGTH DATA ELEMENTS--GENERAL INFORMATION
fixed length control field 770812s1976 pl abc 000 0 eng
010 ## - LIBRARY OF CONGRESS CONTROL NUMBER
LC control number 77359152
015 ## - NATIONAL BIBLIOGRAPHY NUMBER
National bibliography number P76-3448
020 ## - INTERNATIONAL STANDARD BOOK NUMBER
Terms of availability zł200.00
040 ## - CATALOGING SOURCE
Original cataloging agency DLC
Transcribing agency DLC
Modifying agency DLC
041 1# - LANGUAGE CODE
Language code of text/sound track or separate title engpol
043 ## - GEOGRAPHIC AREA CODE
Geographic area code e-pl---
080 ## - UNIVERSAL DECIMAL CLASSIFICATION NUMBER
Universal Decimal Classification number 943.8
082 00 - DEWEY DECIMAL CLASSIFICATION NUMBER
Classification number 943.8 ALE
100 1# - Rafti
Rafti 16
101 ## - Shkurtesa
Shkurtesa HIS
240 10 - UNIFORM TITLE
Uniform title <a href="Polska tysiącletnia.">Polska tysiącletnia.</a>
Language of a work English
245 12 - TITLE STATEMENT
Title A thousand years of Poland /
Statement of responsibility, etc [Aleksander Gieysztor, Stanisław Herbst, Bogusław Leśnodorski ; transl.
906 ## - LOCAL DATA ELEMENT F, LDF (RLIN)
a 7
b cbc
c orignew
d 4
e ncip
f 19
g y-gencatlg
942 ## - ADDED ENTRY ELEMENTS (KOHA)
Source of classification or shelving scheme
Item type Books
Holdings
Withdrawn status Lost status Source of classification or shelving scheme Damaged status Not for loan Collection code Permanent location Current location Shelving location Date acquired Total Checkouts Full call number Barcode Date last seen Price effective from Koha item type
          Koleksioni i përgjithshem UBT - Lipjan UBT - Lipjan Koleksioni i lëndeve mesimore 01/03/2018   943.8 ALE 002-2994222 01/03/2018 01/03/2018 Books
UBT Library © 2015-2024. All rights reserved University Education for Business and Technology